Efecto del tipo de cama en parámetro productivos de pavos de engorda (Meleagris gallopavo Linn ) Linea Nicholson 700 / (Record no. 220894)
[ view plain ]
| 000 -CABECERA | |
|---|---|
| campo de control de longitud fija | 03464nam a2200337 a 4500 |
| 003 - IDENTIFICADOR DEL NÚMERO DE CONTROL | |
| campo de control | OSt |
| 005 - FECHA Y HORA DE LA ÚLTIMA TRANSACCIÓN | |
| campo de control | 20251003105517.0 |
| 007 - CAMPO FIJO DE DESCRIPCIÓN FÍSICA--INFORMACIÓN GENERAL | |
| campo de control de longitud fija | cr ||||||a|a|a |
| 008 - DATOS DE LONGITUD FIJA--INFORMACIÓN GENERAL | |
| campo de control de longitud fija | 250908s2025 mx a|||fom||| 001 0 spa d |
| 040 ## - FUENTE DE LA CATALOGACIÓN | |
| Normas de descripción | rda |
| 100 1# - ENTRADA PRINCIPAL--NOMBRE DE PERSONA | |
| Nombre de persona | Gutiérrez Dealmonte, Estefania |
| 9 (RLIN) | 191024 |
| 245 10 - MENCIÓN DE TÍTULO | |
| Título | Efecto del tipo de cama en parámetro productivos de pavos de engorda (Meleagris gallopavo Linn ) Linea Nicholson 700 / |
| Mención de responsabilidad, etc. | por Estefania Gutierrez Dealmonte; director de tesis Elvia López Pérez; secretario Jorge Antonio Gónzalez Santos; vocal Baldomero Alarcón Zuñiga; suplente Sergio Raúl Velázquez Rodríguez; suplente Agustín Ruiz Flores |
| 264 #1 - PRODUCCIÓN, PUBLICACIÓN, DISTRIBUCIÓN, FABRICACIÓN Y COPYRIGHT | |
| Producción, publicación, distribución, fabricación y copyright | Chapingo, México : |
| Nombre del de productor, editor, distribuidor, fabricante | El autor, |
| Fecha de producción, publicación, distribución, fabricación o copyright | 2025. |
| 300 ## - DESCRIPCIÓN FÍSICA | |
| Extensión | 1 recurso en línea ( páginas): |
| Otras características físicas | cuadros, figuras. |
| 336 ## - TIPO DE CONTENIDO | |
| Fuente | rdacontent |
| Término de tipo de contenido | texto |
| Código de tipo de contenido | txt |
| 337 ## - TIPO DE MEDIO | |
| Fuente | rdamedia |
| Nombre/término del tipo de medio | computadora |
| Código del tipo de medio | c |
| 338 ## - TIPO DE SOPORTE | |
| Fuente | rdacarrier |
| Nombre/término del tipo de soporte | recurso en línea |
| Código del tipo de soporte | cr |
| 502 ## - NOTA DE TESIS | |
| Tipo de título | Ingeniero Agrónomo Especialista en Zootecnia |
| Nombre de la institución que otorga el título | Departamento de Enseñanza, Investigación y Servicio en Zootecnia, |
| Año de obtención del título | 2025. |
| Información miscelánea | Licenciatura |
| 504 ## - NOTA DE BIBLIOGRAFÍA, ETC. | |
| Nota de bibliografía, etc. | Incluye referencias bibliográficas: páginas 56-61. |
| 520 ## - SUMARIO, ETC. | |
| Sumario, etc. | En el estudio se evaluó el efecto del tipo de cama en parámetros productivos en pavas de engorda de la línea Nicholson 700. El trabajo se realizó en el módulo de aves de la granja experimental del Departamento de Zootecnia de la Universidad Autónoma Chapingo, ubicada en el municipio de Texcoco, Estado de México. Para ello se utilizaron 30 pavitas de la línea Nicholson 700, de 7 a 14 semanas de edad. A su llegada las pavas se dividieron en dos grupos de 15 cada uno, posteriormente se pesaron y se les colocó una pulsera en la pata con un número para identificarlas, por lo que cada pava correspondió a una repetición y cada una de éstas a una unidad experimental. Cada grupo de animales fue sometido a uno de dos tratamientos, el tratamiento 1 (T1) consistió en colocar viruta de madera como cama (CAV) y el Tratamiento 2 (T2) consistió en colocar una cama de estiércol de borrego (CAEB), en ambos tratamientos se utilizó alimento comercial especial para pavos de la empresa Tepexpan. Se midió la ganancia de peso semanal y el rendimiento de la canal. Los datos se analizaron mediante el programa estadístico SAS (2020) a través de un ANOVA. El peso promedio inicial, a la 7ma semana de edad fue de 3.57 kg y a la semana 14 fue de 8.39 kg para las pavas con cama de viruta, con un error estándar de 0.165 y 8.49 kg para pavas con cama de estiércol de borrego con un error estándar de 0.286, donde (p>0.05), mostrando que no hay diferencias significativas entre tratamientos. La mortalidad total acumulada fue del 3.3% (la muerte se registró en el tratamiento CAEB, pero no se le puede atribuir al tratamiento) y el rendimiento a la canal de 81.06% del peso vivo en viruta y 81.15% del peso vivo en estiércol de borrego. Con base en lo anterior, se concluye que el estiércol seco de borrego puede funcionar como material de cama para pavas. |
| 650 #4 - PUNTO DE ACCESO ADICIONAL DE MATERIA--TÉRMINO DE MATERIA | |
| Término de materia o nombre geográfico como elemento de entrada | Pavos |
| Subdivisión general | Manejo |
| 9 (RLIN) | 140876 |
| 650 #4 - PUNTO DE ACCESO ADICIONAL DE MATERIA--TÉRMINO DE MATERIA | |
| Término de materia o nombre geográfico como elemento de entrada | Pavos |
| Subdivisión general | Engorda |
| 9 (RLIN) | 86306 |
| 650 #4 - PUNTO DE ACCESO ADICIONAL DE MATERIA--TÉRMINO DE MATERIA | |
| Término de materia o nombre geográfico como elemento de entrada | Pavos |
| Subdivisión general | Peso |
| 9 (RLIN) | 86309 |
| 700 1# - PUNTO DE ACCESO ADICIONAL--NOMBRE DE PERSONA | |
| Nombre de persona | López Pérez, Elvia |
| 9 (RLIN) | 68223 |
| Término indicativo de función/relación | director. |
| 700 1# - PUNTO DE ACCESO ADICIONAL--NOMBRE DE PERSONA | |
| Nombre de persona | González Santos, Jorge Antonio |
| 9 (RLIN) | 191168 |
| Término indicativo de función/relación | secretario. |
| 700 1# - PUNTO DE ACCESO ADICIONAL--NOMBRE DE PERSONA | |
| Nombre de persona | Alarcón Zúñiga, Baldomero |
| 9 (RLIN) | 3378 |
| Término indicativo de función/relación | vocal. |
| 700 1# - PUNTO DE ACCESO ADICIONAL--NOMBRE DE PERSONA | |
| Nombre de persona | Velázquez Rodríguez, Sergio Raúl |
| 9 (RLIN) | 118620 |
| Término indicativo de función/relación | suplente. |
| 700 1# - PUNTO DE ACCESO ADICIONAL--NOMBRE DE PERSONA | |
| Nombre de persona | Ruiz Flores, Agustín |
| 9 (RLIN) | 100671 |
| Término indicativo de función/relación | suplente. |
| 856 ## - LOCALIZACIÓN Y ACCESO ELECTRÓNICOS | |
| Nota pública | DESCARGAR PDF |
| Identificador Uniforme del Recurso | http://10.13.5.2/tesis/tl/1910958-9_GUTIERREZ_DEALMONTE_ESTEFANIA.pdf |
| 942 ## - ELEMENTOS DE PUNTO DE ACCESO ADICIONAL (KOHA) | |
| Fuente del sistema de clasificación o colocación | Clasificación Universidad Autónoma Chapingo |
| Tipo de ítem Koha | Tesis digital |
| Estado de retiro | Estado de pérdida | Fuente del sistema de clasificación o colocación | Estado dañado | No para préstamo | Código de colección | Localización permanente | Ubicación/localización actual | Ubicación en estantería | Fecha de adquisición | Total de préstamos | Signatura topográfica completa | Fecha visto por última vez | Precio válido a partir de | Tipo de ítem Koha |
|---|---|---|---|---|---|---|---|---|---|---|---|---|---|---|
| Clasificación Universidad Autónoma de Chapingo | Tesis digitales de Licenciatura | Biblioteca Digital | Biblioteca Digital | En línea | 09/09/2025 | Tesis digital | 09/09/2025 | 09/09/2025 | Tesis digital |
